Quiz o JetPunk - Statystyki

Ogólne statystyki
  • Ten quiz został rozwiązany 27 razy
  • Średni wynik to 4 z 14
Statystyki odpowiedzi
Pytanie Odpowiedż % Poprawnych
Kraj,wktórympowstał JetPunk Stany Zjednoczone
95%
Najpopularniejszy Quiz na platformie JetPunk Polska? Państwa Świata
65%
W jakim roku zostałstworzony JetPunk... 2008
55%
Ile jest rodzajów Quizów? 6
50%
Jakich dwóch zwierzątjest połączone logo JetPynk? Ryba
50%
Ile jest oficjalnych języków naJetPunk..... 8
35%
...i ile nie oficjalnych? 17
25%
Kraj,wktórym powstał JetPunk Hiszpania
10%
Jak nazywa się slep JetPunk? JetPunk Shop
10%
Jakich dwóch zwierząt jest połączone logo JetPynk? Ptak
10%
Czyim dziełem Jest JetPunk? Dan Hostetler
5%
Kim jest Quizmaster? Dan Hostetler
5%
...i ile od tego czasuzostało opublikowano quizów?(do 2024 roku) 900 milionów
0%
Czyim dziełemJest JetPunk? John Hostetler
0%
Nie znaleziono quizów pasujących do podanych kryteriów
Rozkład punktacji
Procent ludzi z każdym wynikiem
Percentyl według liczby udzielonych odpowiedzi
Twoja historia wyników
Nie rozwiązałeś tego quizu